000 00291nam a22001337a 4500
008 170807b xxu||||| |||| 00| 0 eng d
020 _a9781435487383
041 _aeng
080 _a004
100 _a34
101 _aSHKI
245 _aA+ GUIDE TO HARDWARE
_cANDREWS, J
942 _2udc
_cBK
999 _c22852
_d22852